书目信息 |
| 题名: |
小型锅炉改装
|
|
| 作者: | ;关中工具厂设备动力科 编 | |
| 分册: | ||
| 出版信息: | 北京 机械工业出版社 1978 |
|
| 页数: | 66页 | |
| 开本: | 19cm | |
| 丛书名: | ||
| 单 册: | ||
| 中图分类: | TK222 | |
| 科图分类: | ||
| 主题词: | 锅炉改造 | |
| 电子资源: | ||
| ISBN: | ||
| 000 | 00657nam0 2200229 45 | |
| 001 | 0178002387 | |
| 005 | 20060815110415.25 | |
| 010 | @dCNY0.18 | |
| 091 | @a15033.4562 | |
| 100 | @a19950731d1978 em y0chiy0121 ea | |
| 101 | 0 | @achi |
| 102 | @aCN@b110000 | |
| 105 | @ay z 000yy | |
| 200 | 10 | @a小型锅炉改装@Axiao xing guo lu gai zhuang@f关中工具厂设备动力科编 |
| 210 | @a北京@c机械工业出版社@d1978 | |
| 215 | @a66页@d19cm | |
| 300 | @a机械工业技术革新技术选编 | |
| 606 | @a锅炉改造 | |
| 690 | @aTK222@v3 | |
| 711 | 02 | @a关中工具厂设备动力科@Aguan zhong gong ju chang she bei dong li ke@4编 |
| 801 | 0 | @aCN@bTSSF@c20060815 |
| 905 | @a10447@dTK222@e72 | |
| 小型锅炉改装/关中工具厂设备动力科编.-北京:机械工业出版社,1978 |
| 66页;19cm |
| 机械工业技术革新技术选编 |
| ISBN :CNY0.18 |
| ● |
| 相关链接 |
|
|
|
|
正题名:小型锅炉改装
索取号:TK222/72
 
预约/预借
| 序号 | 登录号 | 条形码 | 馆藏地/架位号 | 状态 | 备注 |
| 1 | 0458479 | 204584798 | 密集书库/ [索取号:TK222/72] | 在馆 | |
| 2 | 0458480 | 204584805 | 密集书库/ [索取号:TK222/72] | 在馆 |